Derogation from grant (Record no. 65461)
[ view plain ]
| 000 -LEADER | |
|---|---|
| fixed length control field | 01043cam a2200229 4500 |
| 001 - CONTROL NUMBER | |
| control field | ABS63187 |
| 008 - FIXED-LENGTH DATA ELEMENTS--GENERAL INFORMATION | |
| fixed length control field | 000000n2000 000 0 eng u |
| 035 ## - SYSTEM CONTROL NUMBER | |
| System control number | (Sirsi) u109647 |
| 100 ## - MAIN ENTRY--PERSONAL NAME | |
| Personal name | Mowbray, J |
| 245 ## - TITLE STATEMENT | |
| Title | Derogation from grant |
| 260 ## - PUBLICATION, DISTRIBUTION, ETC. | |
| Date of publication, distribution, etc. | 2000 |
| 490 ## - SERIES STATEMENT | |
| Series statement | Solicitors' Journal |
| Volume/sequential designation | 144(43) 17 November 2000, 1046-1047(2) |
| 520 ## - SUMMARY, ETC. | |
| Summary, etc. | Discusses the recent decisions in "Chartered Trust v Davies" and "Petra Investments v Jeffrey Rogers". which both support the same notion: to avoid a successful claim from a tenant for derogation from grant, landlords should not be concerned about how other tenants use their premises, but should be aware of the business conduct of such tenants. Outlines how the cases highlight some important lessons for landlords and tenants. |
| 590 ## - LOCAL NOTE (RLIN) | |
| Local note | ABS |
| 650 ## - SUBJECT ADDED ENTRY--TOPICAL TERM | |
| Topical term or geographic name entry element | PETRA INVESTMENTS V JEFFREY ROGERS PLC |
| 650 ## - SUBJECT ADDED ENTRY--TOPICAL TERM | |
| Topical term or geographic name entry element | CHARTERED TRUST V DAVIES |
| 650 ## - SUBJECT ADDED ENTRY--TOPICAL TERM | |
| Topical term or geographic name entry element | DEROGATION FROM GRANT |
| 650 ## - SUBJECT ADDED ENTRY--TOPICAL TERM | |
| Topical term or geographic name entry element | BUSINESS CONDUCT |
| 690 ## - LOCAL SUBJECT ADDED ENTRY--TOPICAL TERM (OCLC, RLIN) | |
| Topical term or geographic name as entry element | Landlord and tenant |
| 9 (RLIN) | 6252 |
| 700 ## - ADDED ENTRY--PERSONAL NAME | |
| Personal name | Juden, J |
| 942 ## - ADDED ENTRY ELEMENTS (KOHA) | |
| Suppress in OPAC | 0 |
| Withdrawn status | Lost status | Source of classification or shelving scheme | Damaged status | Not for loan | Home library | Current library | Shelving location | Date acquired | Total Checkouts | Full call number | Barcode | Date last seen | Copy number | Price effective from | Koha item type |
|---|---|---|---|---|---|---|---|---|---|---|---|---|---|---|---|
| Dewey Decimal Classification | London | London | Journal article | 01/12/2000 | ABS63187 | 109647-1001 | 06/08/2019 | 1 | 06/08/2019 | Journal article |